Statistiques concernant Culture Générale - Série 594

Cliquez ici pour prendre le quiz!

Statistiques générales

  • Ce quiz a été pris 523 fois
  • Le résultat moyen est 6 sur 10

Statistiques - réponses

QuestionRéponse% Correct
Quel liquide a pour formule chimique : H2O ?L'eau
96%
Comment appelle-t-on les habitants de la principauté de Monaco ?Monégasques
89%
Dans le vocabulaire culinaire, quel verbe signifie : "arroser d'alcool qu'on fait brûler" ?flamber
74%
Quel acteur incarne "Chouchou" aux côtés d'Alain Chabat dans un film sorti en 2003 ?Gad Elmaleh
70%
De quelle célèbre marionnette lyonnaise Gnafron est-il le complice ?Guignol
65%
Quel animal est Skippy dans la série télévisée des années 60 ?kangourou
53%
Quelle romancière britannique a écrit: "Les Hauts de Hurlevent" ?Emily Brontë
49%
Dans quel quartier londonien, entre la cathédrale Saint-Paul et la Tour de Londres, se trouve la Banque d'Angleterre ?La City
43%
À quel écrivain doit-on "Le Grand Meaulnes" ?Alain Fournier
37%
Dans une de ses chansons, en pensant à qui Georges Brassens ne bande-t-il plus ?Lulu
32%

Distribution des résultats

Percentile par nombre de réponses

% des personnes avec chaque résultat

Votre développement - résultats

Vous n’avez pas pris ce quiz